LEADER 03862nam 22007813u 450 001 9910785772303321 005 20230126205731.0 010 $a1-283-59963-5 010 $a0-7425-6645-5 035 $a(CKB)2670000000241754 035 $a(EBL)1021911 035 $a(OCoLC)855502138 035 $a(SSID)ssj0000745250 035 $a(PQKBManifestationID)12278861 035 $a(PQKBTitleCode)TC0000745250 035 $a(PQKBWorkID)10852113 035 $a(PQKB)10324802 035 $a(MiAaPQ)EBC1021911 035 $a(EXLCZ)992670000000241754 100 $a20141117d2012|||| u|| | 101 0 $aeng 135 $aur|n|---||||| 181 $ctxt 182 $cc 183 $acr 200 10$aGendered Justice$b[electronic resource] $eIntimate Partner Violence and the Criminal Justice System 210 $aLanham $cRowman & Littlefield Publishers$d2012 215 $a1 online resource (243 p.) 225 1 $aIssues in Crime and Justice 300 $aDescription based upon print version of record. 311 $a0-7425-6643-9 327 $aCover; Title Page; Copyright Page; Table of Contents; Chapter 1: Gendered Justice: The Social Construction of Womanhood and Intimate Partner Violence; Chapter 2: Understanding the Scope of Intimate Partner Violence; Chapter 3: Deconstructing Cultural Images and Myths of Intimate Partner Violence: Overcoming the Presence of the Past; Chapter 4: Legal Jurisprudence and the History of Intimate Partner Violence; Chapter 5: Policing Intimate Partner Violence; Chapter 6: Intimate Partner Violence in the Courts; Chapter 7: Correcting Intimate Partner Violence 327 $aChapter 8: Escaping Intimate Partner Violence: The Shelter MovementChapter 9: Reality Reconsidered: Female Intimate Partner Violence Victim Images in Society; Appendix; Notes; References; Index; About the Authors 330 $aGendered Justice takes a unique, multi-layered look at the various elements that factor into our understanding of domestic violence and how the criminal justice system handles situations of domestic violence. The book focuses primarily on the role of gender, but also considers socio-economic status and race. Illustrated with case studies throughout, the book introduces major themes, such as the social construction of gender and victimology, as well as topics such as the portrayal of intimate partner violence in the media and how it shapes our understanding of violence. 410 0$aIssues in Crime and Justice 606 $aCriminal justice, Administration of - Social aspects 606 $aIntimate partner violence 606 $aWomen - Crimes against 606 $aWomen - Violence against 606 $aIntimate partner violence$xViolence against 606 $aWomen$xCrimes against 606 $aWomen$xSocial aspects 606 $aCriminal justice, Administration of 606 $aSocial Welfare & Social Work$2HILCC 606 $aSocial Sciences$2HILCC 606 $aCriminology, Penology & Juvenile Delinquency$2HILCC 615 4$aCriminal justice, Administration of - Social aspects. 615 4$aIntimate partner violence. 615 4$aWomen - Crimes against. 615 4$aWomen - Violence against. 615 0$aIntimate partner violence$xViolence against 615 0$aWomen$xCrimes against 615 0$aWomen$xSocial aspects 615 0$aCriminal justice, Administration of 615 7$aSocial Welfare & Social Work 615 7$aSocial Sciences 615 7$aCriminology, Penology & Juvenile Delinquency 676 $a362.8292 676 $a364.15553 700 $aGarcia$b Venessa$01538410 701 $aMcManimon$b Patrick$01538411 801 0$bAU-PeEL 801 1$bAU-PeEL 801 2$bAU-PeEL 906 $aBOOK 912 $a9910785772303321 996 $aGendered Justice$93788420 997 $aUNINA LEADER 01051nam 2200325z- 450 001 9910693918503321 005 20161209105207.0 035 $a(CKB)5860000000021840 035 $a(BIP)013356878 035 $a(EXLCZ)995860000000021840 100 $a20220406c2005uuuu -u- - 101 0 $aeng 200 14$aThe employment situation $eApril 2005 : hearing before the Joint Economic Committee, Congress of the United States, One Hundred Ninth Congress, first session, May 6, 2005 215 $a1 online resource (iii, 41 p.) $cill 311 $a0-16-072830-4 517 $aEmployment situation 606 $aLabor market$zUnited States 606 $aManpower policy$zUnited States 606 $aUnemployment$zUnited States 610 $aLabor market 610 $aManpower policy 610 $aUnemployment 610 $aBusiness & economics 615 0$aLabor market 615 0$aManpower policy 615 0$aUnemployment 906 $aBOOK 912 $a9910693918503321 996 $aThe employment situation$93115854 997 $aUNINA